LEADER 01500nam a2200289 u 4500 001 000000115814 003 CaOOAMICUS 005 20090522165609.0 008 090522s2006 pl u000 u eng u 020 $a83-7306-289-0 040 $aPUL$bita$dLDB 245 00$aStudies in Logic and Theory of Knowledge.$n6 /$cedited by Stanis?aw Kiczuk, Józef Herbut, Antoni B. Stepien. 260 $aLublin :$bKatolicki Uniwersytet Lubelski Jana Pawla II,$cc2006. 300 $a306 p. ;$c21 cm 490 1 $aTowarzystwo Naukowe Katolickiego Uniwersytetu Lubelskiego.$aPrace wydzia?u filozoficznego ;$v101 650 4$aLogica$xStudi.$0(OLS)http://pul/subject/35370 650 4$aTeoria della conoscenza$xStudi.$0(OLS)http://pul/subject/35371 700 1 $aKiczuk, Stanislaw.$0(OLS)http://pul/name/71852 700 1 $aKiczuk, Józef.$0(OLS)http://pul/name/71851 700 1 $aSt{ogon}epie?, Antoni B.$0(OLS)http://pul/name/1647 830 0$aTowarzystwo Naukowe Katolickiego Uniwersytetu Lubelskiego.$pPrace wydzia?u filozoficznego ;$v101.$0(OLS)http://pul/title/59240 850 $aPUL 852 $aPUL$W1$xDP1 Religione 1$y20$m519 F 27.6$j132716$qStampati$B131712$CPULBib$Z2$F131712 $H110480 $82 941 1 $a8 996 $6020$a83-7306-289-0$9(OLS)http://pul/number/140804 996 $6245$aStudies in Logic and Theory of Knowledge.$n6$9(OLS)http://pul/title/145531 996 $6260$aLublin :$bKatolicki Uniwersytet Lubelski Jana Pawla II$9(OLS)http://pul/publisher/80176 LEADER 01478nam a2200349 a 4500 001 000000165665 003 CaOOAMICUS 005 20180205092528.0 008 180205s2010 it u000 u ita r 020 $a978-88-10-40125-5* 032 $aLibriCat 040 $aPUL$bita 041 1 $aita$hger 082 04$a280 100 1 $aErnesti, Jörg,$d1966-$0(OLS)http://pul/name/41523 240 10$aKleine Geschichte der Ökumene.$lItaliano.$0(OLS)http://pul/title/205353 245 10$aBreve storia dell'ecumenismo :$bdal cristianesimo diviso alle chiese in dialogo /$cJörg Ernesti ; con un contributo di Giovanni Cereti. 260 $aBologna :$bEDB,$c©2010. 300 $a156 p. ;$c21 cm. 490 1 $aEcumenismo 504 $aBibliografia: p. 153-154. 650 4$aEcumenismo$xStoria.$0(OLS)http://pul/subject/15024 700 1 $aCereti, Giovanni.$0(OLS)http://pul/name/2567 830 0$aEcumenismo.$0(OLS)http://pul/title/9780 850 $aPUL 852 $aPUL$W1$xSL Religione 3$y85$m280 ERNJO 1$j190011$qDDC 21$B193016$CPULBib$Z2$F193016 $H130315 $81 941 1 $a9 996 $6020$a978-88-10-40125-5*$9(OLS)http://pul/number/163357 996 $6082$a280$9(OLS)http://pul/classification/1721 996 $6245$aBreve storia dell'ecumenismo :$bdal cristianesimo diviso alle chiese in dialogo$9(OLS)http://pul/title/205354 996 $6260$aBologna :$bEDB$9(OLS)http://pul/publisher/56073